Περίοδοι της τουρκικής γλώσσας και λογοτεχνίας
Αποθηκεύτηκε σε:
| Κύριος συγγραφέας: | |
|---|---|
| Μορφή: | Βιβλίο |
| Γλώσσα: | Greek |
| Δημοσίευση: |
[Θεσσαλονίκη] :
Αντ. Σταμούλη,
2008
|
| Θέματα: | |
| Ετικέτες: |
Προσθήκη ετικέτας
Δεν υπάρχουν, Καταχωρήστε ετικέτα πρώτοι!
|
MARC
| LEADER | 00000nam a2200000 i 4500 | ||
|---|---|---|---|
| 001 | 1/19527 | ||
| 008 | 120515s2008 gre d | ||
| 020 | |a 978-960-6741-39-5 | ||
| 035 | |l 10112464 | ||
| 040 | |a GR-MY-UA |b gre |e aacr | ||
| 041 | 0 | |a gre | |
| 082 | 0 | |a 894.3 |2 (22) | |
| 100 | 1 | |a Ιορδάνογλου, Αναστάσιος Κ. | |
| 245 | 1 | 0 | |a Περίοδοι της τουρκικής γλώσσας και λογοτεχνίας / |c Αναστάσιος Κ. Ιορδάνογλου |
| 260 | |a [Θεσσαλονίκη] : |b Αντ. Σταμούλη, |c 2008 | ||
| 300 | |a 385 σ.; |b εικ.; |c 24 σελ. | ||
| 500 | |a Περιέχει πηγές από την τούρκικη λογοτεχνία με την μετάφρασή τους | ||
| 504 | |a Περιέχει βιβλιογραφικές παραπομπές και ευρετήριο | ||
| 650 | 0 | 0 | |a Turkish language |x History. |
| 650 | 0 | 0 | |a Turkish literature |x Criticism and interpretation. |
| 852 | |a INST |b LESVOS |c EUDOXUS |e 20190517 |h 894.3 ΙΟΡ |p 005100061925 |q 005100061925 |t EDX |y 0 | ||
| 852 | |a INST |b RHODES |c EUDOXUS |e 20120515 |h 894.3 ΙΟΡ |p 005400034385 |q 005400034385 |t EDX |y 0 | ||
| 852 | |a INST |b RHODES |c EUDOXUS |e 20131220 |h 894.3 ΙΟΡ |p 005400035957 |q 005400035957 |t EDX |y 0 | ||
| 901 | |a BIBL4-2012-2 | ||
| 901 | |a BIBL4-2013-3 | ||
| 909 | |a Ρ |b 171027 | ||
| 909 | |a Ρ |b 182465 | ||
| 920 | |a ΕΥΔΟΞΟΣ |b ΕΠΙΣΤΡΟΦΗ |y ΡΟΔΟΣ |z 2012-05 | ||
| 920 | |a ΕΥΔΟΞΟΣ |b ΠΑΡΑΓΓΕΛΙΑ |y ΡΟΔΟΣ-ΤΜΣ |z 2013-12 | ||
| 970 | |z 2012/05/15 | ||